East Asian Countries in Order of Size - Statistics

General Stats
  • This quiz has been taken 29 times
  • The average score is 5 of 16
Answer Stats
Answer % Correct
1 China
100%
2 Indonesia
95%
3 Mongolia
86%
4 Thailand
71%
5 Vietnam
29%
6 Malaysia
19%
13 Taiwan
19%
14 Brunei
14%
15 East Timor
14%
16 Singapore
14%
10 Cambodia
10%
8 Japan
10%
9 Laos
10%
11 North Korea
10%
7 Philippines
10%
12 South Korea
10%
No matching quizzes found
Score Distribution
Percent of People with Each Score
Percentile by Number Answered
Your Score History
You have not taken this quiz